LIBRARY & INFORMATION CENTRE, KCAET, TAVANUR

ONLINE PUBLIC ACCESS CATALOGUE (OPAC)

Jawaharlal Nehru / (Record no. 6709)

MARC details
000 -LEADER
fixed length control field 00453cam a2200181ua 4500
041 ## - LANGUAGE CODE
Language code of text/sound track or separate title mal
082 ## - DEWEY DECIMAL CLASSIFICATION NUMBER
Classification number 923.2
Item number CJS/JA
100 ## - MAIN ENTRY--AUTHOR NAME
Personal name C J Smaraka prasanga , .
245 ## - TITLE STATEMENT
Title Jawaharlal Nehru /
250 ## - EDITION STATEMENT
Edition statement 1 /
260 ## - PUBLICATION, DISTRIBUTION, ETC. (IMPRINT)
Place of publication :
Name of publisher C J Smaraka prasanga samithi ,
Year of publication 1966.
300 ## - PHYSICAL DESCRIPTION
Number of Pages 173 ; .
942 ## - ADDED ENTRY ELEMENTS (KOHA)
Koha item type Books
Holdings
Withdrawn status Lost status Damaged status Home library Current library Date acquired Full call number Accession Number Koha item type Public note
Withdrawn     KAUAET KAUAET 07/04/2012 923.2 9566 Books Deleted
free website counter